| 000 | 01817nas a2200277Ia 4500 | ||
|---|---|---|---|
| 001 | R266-R6876 | ||
| 003 | IT-CnALBA | ||
| 008 | 170116c99999999xx |||||||||||| ||und|| | ||
| 040 |
_aIT-CnALBA _cIT-CnALBA |
||
| 041 | _aITALIANO | ||
| 100 | _aBERNARDI FRANCESCO | ||
| 210 | _aMISSIONI CONSOLATA | ||
| 222 | _aMISSIONI CONSOLATA | ||
| 245 | 0 | _aMISSIONI CONSOLATA. RIVISTA DELLA FAMIGLIA. FEBBRAIO 1994. AFRICA SOUVENIR, VIAGGI DI CONOSCENZA. | |
| 250 | _a1a ed. | ||
| 260 |
_a TORINO - ROMA _bMISSIONI CONSOLATA _c1994 [1° Ed.:1994 - Ed.Ling.Originale: 1994] |
||
| 300 | _a68 p. | ||
| 310 | _aMENSILE | ||
| 362 | _aFascicolo: 2 / Anno: 96 (1994) | ||
| 500 | _aVESCOVO PENGO, ISLAMIZZAZIONE IN TANZANIA. LOURDEL SIMEONE, PADRE DEI MARTIRI D'UGANDA. COLLOQUIO E LETTERA AI LETTORI. VOGLIA DI FRUTTA. CHIESA E MONDO. DOMENICA MISSIONARIA. QUALE EUROPA? INVITO DELL'AFRICA ALLA SOLIDARIETÀ, MICHELUZZI M. CINA TRA INQUIETUDINE E SPERANZE. TANZANIA, SUBBUGLIO NELLA PACE, SCACCIA L. KENYA, ACCUSE AI VESCOVI. VENEZUELA, SOGNATORI DEL DESERTO, FAUDARORE C. MAPERA, PADRE DEI MARTIRI. ETIOPIA E SUBITO AMORE. BRASILE, AMICI DEI POVERI. | ||
| 501 | _aSocietà San Paolo EM - Piazza San Paolo, 14 - 12051 ALBA (CN) (non commercial uses only) ® Copyright 2017 | ||
| 520 | _aVESCOVO PENGO, ISLAMIZZAZIONE IN TANZANIA. LOURDEL SIMEONE, PADRE DEI MARTIRI D'UGANDA. COLLOQUIO E LETTERA AI LETTORI. VOGLIA DI FRUTTA. CHIESA E MONDO. DOMENICA MISSIONARIA. QUALE EUROPA? INVITO DELL'AFRICA ALLA SOLIDARIETÀ, MICHELUZZI M. CINA TRA INQUIETUDINE E SPERANZE. TANZANIA, SUBBUGLIO NELLA PACE, SCACCIA L. KENYA, ACCUSE AI VESCOVI. VENEZUELA, SOGNATORI DEL DESERTO, FAUDARORE C. MAPERA, PADRE DEI MARTIRI. ETIOPIA E SUBITO AMORE. BRASILE, AMICI DEI POVERI. | ||
| 650 | _aMISSIONOLOGIA | ||
| 942 | _cCR | ||
| 957 | _71 | ||
| 999 |
_a58442 _bNO _g1 _c325469 _d325469 |
||